000
00276nam a2200097Ia 4500
008
220204s9999 xx 000 0 und d
082
_a
631.8(548.3)
_b
STU
245
0
_a
Study on the use of chemical fertilizers in Kerala
260
_a
Ernakulam
_b
School of Management
942
_c
BK
999
_c
21871
_d
21871